[Event "NZ Junior Championship 2017"]
[Site "Auckland NZL"]
[Date "2017.07.13"]
[Round "6"]
[White "Gong, Daniel Hanwen"]
[Black "Ang, Alphaeus Wei Ern"]
[Result "1/2-1/2"]
[WhiteElo "2287"]
[BlackElo "2005"]
[PlyCount "78"]
[EventDate "2017.07.11"]

1. e4 g6 2. d4 Bg7 3. c4 d6 4. Nc3 Nf6 5. g3 O-O 6. Bg2 c5 7. Nf3 Nc6 8. d5 Na5
9. Nd2 e6 10. O-O exd5 11. cxd5 a6 12. a4 b5 13. Nb3 Nxb3 14. Qxb3 b4 15. Nb1
a5 16. Nd2 Ba6 17. Re1 Ng4 18. Nf3 Rc8 19. h3 Ne5 20. Nxe5 Bxe5 21. Bf4 c4 22.
Qc2 b3 23. Qe2 Bg7 24. Red1 Qb6 25. Be3 Qb7 26. Bf1 Rfe8 27. Bd4 f5 28. Bxg7
Qxg7 29. f3 fxe4 30. fxe4 Qe5 31. Bg2 Qxg3 32. Rac1 Qe5 33. Rc3 Rc7 34. Qe3 Rb7
35. Rdc1 Qg7 36. Qf4 Qe5 37. Qe3 Qg7 38. Qf4 Qe5 39. Qe3 Qg7 1/2-1/2

[Event "NZ Junior Championship 2017"]
[Site "Auckland NZL"]
[Date "2017.07.13"]
[Round "6"]
[White "Liu, Xinyang"]
[Black "Wang, Aaron Ziwen"]
[Result "1-0"]
[WhiteElo "1511"]
[BlackElo "1602"]
[PlyCount "81"]
[EventDate "2017.07.11"]

1. e4 c5 2. c3 d5 3. exd5 Qxd5 4. d4 Nc6 5. Nf3 Bf5 6. Na3 e6 7. Bb5 Rd8 8. Be3
a6 9. Bc4 Qe4 10. O-O b5 11. Ng5 Qh4 12. g3 Qh6 13. Nxf7 Qf6 14. Nxd8 Qxd8 15.
Bd3 cxd4 16. Bxf5 exf5 17. Bxd4 Nf6 18. Re1+ Be7 19. Bxf6 gxf6 20. Qh5+ Kf8 21.
Qxf5 b4 22. Nc2 bxc3 23. bxc3 Kg7 24. Rad1 Qf8 25. Qg4+ Kh6 26. Ne3 f5 27.
Nxf5+ Qxf5 28. Qxf5 Kg7 29. Rd7 Re8 30. Qg5+ Kf7 31. Qf4+ Kg7 32. Qg5+ Kf7 33.
Qd5+ Kg7 34. Qxc6 Kf8 35. Qf3+ Kg7 36. Rdxe7+ Rxe7 37. Rxe7+ Kg6 38. Qd5 Kf6
39. Re6+ Kf7 40. Qd7+ Kf8 41. Re8# 1-0

[Event "NZ Junior Championship 2017"]
[Site "Auckland NZL"]
[Date "2017.07.13"]
[Round "6"]
[White "Fan, Allen Chi Zhou"]
[Black "Hu, Erica Yue"]
[Result "1-0"]
[WhiteElo "2057"]
[BlackElo "930"]
[PlyCount "57"]
[EventDate "2017.07.11"]

1. Nf3 d5 2. c4 e6 3. g3 c5 4. Bg2 Nc6 5. b3 Nf6 6. O-O Bd6 7. Bb2 O-O 8. e3 a6
9. Nc3 Rb8 10. cxd5 exd5 11. d4 Bf5 12. Nh4 Be6 13. dxc5 Bxc5 14. Rc1 Be7 15.
Qc2 Nh5 16. Nf5 Qd7 17. Nxe7+ Qxe7 18. Rfd1 Nb4 19. Qb1 Qd7 20. a3 Nc6 21. Nxd5
Qc8 22. Rxc6 Qe8 23. Rc7 Qb5 24. b4 Rbd8 25. Rc5 Qe2 26. Re1 Qg4 27. Ne7+ Kh8
28. h3 Qf5 29. Nxf5 1-0

[Event "NZ Junior Championship 2017"]
[Site "Auckland NZL"]
[Date "2017.07.13"]
[Round "6"]
[White "Qin, Nicole Shu Yu"]
[Black "Gao, Hugh"]
[Result "1-0"]
[WhiteElo "1475"]
[BlackElo "1414"]
[PlyCount "75"]
[EventDate "2017.07.11"]

1. d4 d5 2. c4 c6 3. Nc3 Nf6 4. cxd5 cxd5 5. Bf4 Nc6 6. Nf3 Bf5 7. e3 a6 8. h3
Nb4 9. Qa4+ Nc6 10. Ne5 Bd7 11. Nxd7 Qxd7 12. a3 e6 13. Bd3 Bd6 14. Bxd6 Qxd6
15. O-O O-O 16. Qc2 Rac8 17. Qd2 Na5 18. Qe2 Qb6 19. Na4 Qc6 20. Nc5 Nd7 21. b4
Nxc5 22. dxc5 Nc4 23. Bxc4 dxc4 24. Qxc4 Rfd8 25. Rfd1 Qa4 26. Rd4 Qc6 27. Rad1
Re8 28. Rd7 Qa4 29. Qf4 Rf8 30. R1d3 Rb8 31. e4 Qc6 32. h4 a5 33. h5 h6 34. Rc7
Qb5 35. Rg3 g5 36. hxg6 fxg6 37. Rxg6+ Kh8 38. Qxh6# 1-0

[Event "NZ Junior Championship 2017"]
[Site "Auckland NZL"]
[Date "2017.07.13"]
[Round "6"]
[White "Li, Andrew"]
[Black "Meng, Richard"]
[Result "0-1"]
[WhiteElo "1388"]
[BlackElo "1646"]
[PlyCount "50"]
[EventDate "2017.07.11"]

1. e4 c5 2. c4 Nc6 3. Nf3 e5 4. Be2 Nf6 5. d3 Be7 6. Nc3 O-O 7. Be3 d6 8. Qd2
Nd4 9. Nd5 Nxd5 10. exd5 f5 11. Bxd4 cxd4 12. O-O-O e4 13. dxe4 fxe4 14. Qxd4
exf3 15. Bxf3 Bf6 16. Qd3 Bf5 17. Be4 Qb6 18. b3 Qxf2 19. Qc2 Qe3+ 20. Qd2 Qxe4
21. Qd3 Bg5+ 22. Kb2 Qxg2+ 23. Rd2 Bxd2 24. Qg3 Bc1+ 25. Kc3 Qd2# 0-1

[Event "NZ Junior Championship 2017"]
[Site "Auckland NZL"]
[Date "2017.07.13"]
[Round "6"]
[White "Fu, Tom"]
[Black "Ong, Weng Yan"]
[Result "1/2-1/2"]
[WhiteElo "951"]
[BlackElo "1158"]
[PlyCount "84"]
[EventDate "2017.07.11"]

1. e4 e6 2. d4 d5 3. exd5 exd5 4. Nf3 Bd6 5. c4 Nf6 6. Nc3 Be6 7. Ng5 O-O 8.
Nxe6 fxe6 9. Qb3 Nc6 10. Be3 Bb4 11. h3 Ne4 12. Rd1 Qf6 13. Qc2 Ne7 14. Bd3 Nf5
15. O-O Nxc3 16. bxc3 Bd6 17. cxd5 exd5 18. Qb3 Nxe3 19. fxe3 Qe6 20. e4 c6 21.
exd5 cxd5 22. Rxf8+ Kxf8 23. Qxb7 Rb8 24. Qxa7 Rb6 25. Kh1 Bg3 26. Qa3+ Qd6 27.
Qxd6+ Rxd6 28. Rf1+ Kg8 29. Rf3 Bh4 30. c4 Bf6 31. cxd5 Bxd4 32. g4 h6 33. Bc4
Rf6 34. Rxf6 Bxf6 35. d6+ Kf8 36. d7 Ke7 37. Bb5 Kd6 38. Kg2 Ke5 39. Kf3 g5 40.
a4 Bd8 41. Ke3 Kd5 42. Kd3 Ke5 1/2-1/2

[Event "NZ Junior Championship 2017"]
[Site "Auckland NZL"]
[Date "2017.07.13"]
[Round "6"]
[White "Stannard, Bobby"]
[Black "Deng, Abraham"]
[Result "1-0"]
[WhiteElo "1481"]
[BlackElo "954"]
[PlyCount "103"]
[EventDate "2017.07.11"]

1. e4 c5 2. Nf3 e6 3. d4 cxd4 4. Nxd4 Nc6 5. Nxc6 bxc6 6. b3 d5 7. g3 dxe4 8.
Qxd8+ Kxd8 9. Bg2 f5 10. Bb2 Ba6 11. f3 exf3 12. Bxf3 Kc7 13. Nd2 Bc5 14. Bxg7
Ne7 15. Bxh8 Rxh8 16. O-O-O Rd8 17. Rhe1 Rd6 18. Be2 Bb5 19. Nc4 Rd7 20. Rxd7+
Kxd7 21. Ne5+ Kc7 22. Bxb5 cxb5 23. Nd3 Bd6 24. Rxe6 Nd5 25. Rh6 Ba3+ 26. Kd2
Be7 27. Rxh7 Kd6 28. Rh6+ Kd7 29. Ne5+ Kc8 30. Rc6+ Kd8 31. Kd3 Nb4+ 32. Kd4
Nxc6+ 33. Nxc6+ Kd7 34. Nxe7 Kxe7 35. Ke5 a5 36. h4 Kf7 37. Kxf5 b4 38. g4 Kg7
39. g5 Kf7 40. g6+ Kg7 41. h5 Kf8 42. Kf6 Kg8 43. g7 a4 44. bxa4 b3 45. axb3
Kh7 46. Kf7 Kh6 47. g8=Q Kxh5 48. Kf6 Kh4 49. Kf5 Kh3 50. Kf4 Kh2 51. Kf3 Kh1
52. Qg2# 1-0

[Event "NZ Junior Championship 2017"]
[Site "Auckland NZL"]
[Date "2017.07.13"]
[Round "6"]
[White "Xiao, Kelvin"]
[Black "Li, Allen"]
[Result "0-1"]
[WhiteElo "975"]
[BlackElo "1311"]
[PlyCount "54"]
[EventDate "2017.07.11"]

1. d4 d5 2. Nf3 Bf5 3. Bf4 Nf6 4. e3 a6 5. Bd3 Bxd3 6. Qxd3 e6 7. c3 Bd6 8. Ne5
Nbd7 9. Nd2 Bxe5 10. dxe5 Ne4 11. Nxe4 dxe4 12. Qxe4 Nc5 13. Qc2 Nd3+ 14. Ke2
Nxf4+ 15. exf4 Qd5 16. g3 O-O-O 17. Rhd1 Qc4+ 18. Ke1 Qc6 19. Kf1 Rxd1+ 20.
Qxd1 Rd8 21. Qc2 Qh1+ 22. Ke2 Qxa1 23. a3 Qa2 24. Kf1 Qc4+ 25. Kg2 Qd5+ 26. Kf1
Qd1+ 27. Qxd1 Rxd1+ 0-1

[Event "NZ Junior Championship 2017"]
[Site "Auckland NZL"]
[Date "2017.07.13"]
[Round "6"]
[White "Han, Allan"]
[Black "Lal, Krystal"]
[Result "1/2-1/2"]
[WhiteElo "1201"]
[BlackElo "1235"]
[PlyCount "100"]
[EventDate "2017.07.11"]

1. d4 d5 2. c4 c6 3. Nc3 Bf5 4. Nf3 Nf6 5. Bg5 e6 6. e3 Be7 7. c5 Nbd7 8. Bd3
Bxd3 9. Qxd3 O-O 10. O-O h6 11. Bh4 b6 12. b4 a5 13. a3 b5 14. Bg3 a4 15. Ne5
Nxe5 16. Bxe5 Nd7 17. Bg3 f6 18. f4 f5 19. Qe2 Bh4 20. Qf2 Bxg3 21. Qxg3 Rf6
22. Qf2 Rg6 23. Ne2 Nf6 24. Ng3 Ng4 25. Qf3 Qh4 26. h3 Nf6 27. Ne2 Ne4 28. Rad1
Ng3 29. Nxg3 Rxg3 30. Qe2 Qxh3 31. Rf3 Qg4 32. Re1 Rxf3 33. Qxf3 Qxf3 34. gxf3
Kf7 35. Kh2 Kf6 36. Rg1 Rg8 37. Kh3 g5 38. Rg2 Rg6 39. fxg5+ hxg5 40. Rh2 e5
41. Kg2 f4 42. Kf2 Kf5 43. Rh7 exd4 44. exd4 Kf6 45. Rc7 Kf5 46. Rf7+ Rf6 47.
Rg7 Rg6 48. Rf7+ Ke6 49. Rc7 Kf5 50. Rf7+ Rf6 1/2-1/2